000 00617nam a22001817a 4500
005 20251108164250.0
008 250721s1981 xx 000 0 ara d
082 1 4 _a350.102/بشي
100 1 _aالخضرا، بشير محمد
245 1 0 _aمفهوم الجماعة الصغيرة و تنمية التنظيمات /
264 1 _aعمان :
_bمطابع الجمعية العلمية الملكية،
_c1981.
300 _a105ص
490 0 _aدراسات في السلوك الأداري
650 1 7 _aالإدارة العامة
650 1 7 _aإدارة الأفراد
942 _2ddc
_cBK
999 _c7865
_d7865